Normal view
MARC view
Entry Personal Name
001 - CONTROL NUMBER
- control field: 40707
003 - CONTROL NUMBER IDENTIFIER
- control field: ARRUPE
005 - DATE AND TIME OF LATEST TRANSACTION
- control field: 20180315144234.0
008 - FIXED-LENGTH DATA ELEMENTS
- fixed length control field: 180315|| aca||aabn | a|a d
040 ## - CATALOGING SOURCE
- Original cataloging agency: ARRUPE
- Transcribing agency: ARRUPE
100 ## - HEADING--PERSONAL NAME
- Personal name: Twineyo-Kamugisha, Elly
670 ## - SOURCE DATA FOUND
- Source citation: Work cat.: (ARRUPE): Twineyo-Kamugisha, Elly, Why Africa fails , 2012